000
00339nam a22001457a 4500
008
230706b ||||| |||| 00| 0 eng d
020
_a
9780321969552
041
_a
eng
080
_2
5TH EDITION
_a
51
082
_a
51BEE
100
_a
24
101
_a
MATE
245
_a
PRECALCULUS A RIGHT TRIANGLE APPROACH
_c
BEECHER
942
_2
udc
_c
BK
999
_c
60106
_d
60106